Statistics for US States Quiz in 90 Seconds

Click here to take the quiz!

General Stats

  • This quiz has been taken 1,826 times
  • The average score is 36 of 50

Answers on the Map

Answers color-coded by a green-red scale on the quiz's map according to % correct below.
 

Answer Stats

State% Correct
California
91%
Arizona
85%
Idaho
85%
Texas
85%
Colorado
84%
Florida
84%
Washington
83%
Montana
82%
Alaska
81%
Nevada
81%
New York
80%
North Dakota
80%
Oregon
80%
Alabama
79%
Michigan
78%
New Mexico
78%
Utah
78%
South Dakota
77%
Arkansas
76%
Iowa
76%
Kansas
76%
Maine
76%
Illinois
74%
Minnesota
74%
Georgia
73%
Wyoming
73%
Ohio
72%
Indiana
71%
Mississippi
70%
North Carolina
70%
Oklahoma
70%
Nebraska
69%
Hawaii
68%
Louisiana
68%
South Carolina
67%
Missouri
66%
Wisconsin
66%
Kentucky
64%
Tennessee
63%
Vermont
62%
Maryland
60%
New Jersey
60%
Virginia
60%
New Hampshire
58%
Delaware
56%
Massachusetts
56%
Pennsylvania
54%
West Virginia
54%
Connecticut
50%
Rhode Island
48%

Score Distribution

Percentile by Number Answered

Percent of People with Each Score

Your Score History

You have not taken this quiz